| 000 | 01348nam0a22002771 4500 | ||
|---|---|---|---|
| 001 | rc\2258966 | ||
| 005 | 20110829183349.1 | ||
| 035 | _a(NLR Aleph) 006499683 | ||
| 090 |
_a6218238 _c6218238 |
||
| 100 | _a20110829d1979 |||y0rusy50 ca | ||
| 101 | 0 | _arus | |
| 102 | _aRU | ||
| 105 | _aa z ||||| | ||
| 200 | 1 |
_aОборудование для местно-центральных систем кондиционирования воздуха _f[Д. т. н., проф. О.Я. Кокорин, инж. А.Г. Богопольский] |
|
| 210 |
_aМосква _cЦНИИТЭстроймаш _d1979 |
||
| 215 |
_a50 с. _cил. _d21 |
||
| 225 | 1 |
_aОбзорная информация _fЦНИИ информ. и техн.-экон. исслед. по строит., дор. и коммун. машиностроению _hСер. 60 _iКондиционеры, калориферы и вентиляторы _vВып. 1 |
|
| 300 | _aВ надзаг. также: М-во строит., дор. и коммун. машиностроения | ||
| 320 | _aБиблиогр.: с. 49 | ||
| 700 | 1 |
_aКокорин _bО. Я. _gОлег Янович |
|
| 701 | 1 |
_aБогопольский _bА. Г. _gАлександр Георгиевич |
|
| 801 | 0 |
_aRU _bNLR _gpsbo |
|
| 801 | 1 |
_aRU _bELAR _2rusmarc |
|
| 852 |
_aNLR _jП10/5583 |
||
| 942 | _cBOOK | ||
| 980 | _aNB | ||